000 00599nam a2200193Ia 4500
005 20250507130249.0
008 008 250505s9999 xx 000 0 eng d
037 _aSeries Article
040 _aEASL
_beng
_cEASL
041 _aeng
_2eng
084 _qEASL
100 _aLiou Liang-Ya
_9669167
245 0 _aAutoethnographic expression and cultural translation in Tian Yage's short stories
260 _aUK
_bLondon Cambridge Univesity Press UK
_c2012
300 _a806-826p.
650 _aChinese History; Autoethnographic
_9755054
942 _cSRA
999 _c1318648
_d1318648